times participantes da copa do brasil 2021 - Statistics

Estatísticas Gerais
  • Esse quiz foi jogado 98 vezes
  • A pontuação média é 47 de 92
Estatísticas das Respostas
pote/fase time % Correto
3° fase Flamengo
95%
3° fase Palmeiras
95%
3° fase São paulo
94%
pote 1 Vasco
94%
3° fase Atlético mineiro
93%
3° fase Grêmio
93%
pote 1 Botafogo
92%
pote 1 Corinthians
92%
3° fase Fluminense
91%
3° fase Santos
91%
3° fase Internacional
89%
pote 1 Cruzeiro
88%
pote 1 Bahia
85%
pote 1 Fortaleza
85%
pote 2 Coritiba
84%
pote 2 Cuiaba
82%
pote 1 Atlético goianiense
81%
pote 2 Vitoria
81%
pote 2 Red bull bragantino
80%
3° fase Ceará
79%
pote 1 Sport
79%
3° fase Athletico
78%
pote 1 América mineiro
76%
pote 1 Goias
75%
pote 2 Juventude
75%
3° fase Chapecoense
74%
pote 3 Paysandu
73%
pote 3 Remo
72%
pote 3 Criciúma
71%
pote 2 CRB
69%
pote 2 Avaí
68%
pote 2 CSA
68%
pote 2 Ponte preta
68%
pote 3 Santa cruz
64%
pote 4 ABC
62%
pote 5 Caxias
60%
pote 3 Figueirense
60%
3° fase Brasiliense
58%
pote 2 Paraná
58%
pote 4 América de natal
56%
pote 4 Manaus
56%
pote 3 Vila nova
56%
pote 6 Mirassol
54%
pote 4 Brusque
53%
pote 4 Volta redonda
53%
pote 4 Joinville
51%
pote 6 Gama
48%
pote 3 Confiança
46%
pote 5 Moto club
46%
pote 3 Sampaio Correa
46%
pote 4 Tombense
46%
pote 5 Juazeirense
45%
pote 4 Ypiranga
44%
pote 7 Ypiranga Amapá
44%
pote 5 Treze
42%
pote 5 Salgueiro
41%
pote 5 Campinense
39%
pote 3 Luverdense
39%
pote 6 Sergipe
38%
pote 7 Cascavel
35%
pote 6 Palmas
35%
pote 6 Cianorte
33%
pote 7 Uberlandia
33%
pote 7 Madureira
32%
pote 8 Retrô
32%
pote 4 Atlético acreano
31%
pote 7 4 de julho
29%
pote 5 Caldense
29%
pote 3 Operário-pr
29%
pote 5 Galvez
28%
pote 8 Porto Velho
27%
pote 6 Goianesia
26%
pote 7 Marília
24%
pote 7 Rio branco Espirito santo
24%
pote 7 Esportivo
22%
pote 6 Murici
22%
pote 6 União Rondonópolis
22%
pote 8 Penarol
21%
pote 8 Picos
20%
pote 6 Águia negra
19%
pote 7 Átletico de alagoinhas
19%
pote 8 Castanhal
18%
pote 8 Rio branco Venda Nova
16%
pote 8 Jaraguá
15%
pote 8 Nova mutum
14%
pote 6 Guarany de sobral
13%
pote 5 Boavista Rio de Janeiro
12%
pote 8 real Brasilía
11%
pote 4 Ferroviario-ce
8%
pote 5 São Raimundo Roraima
8%
pote 7 Juventude maranhão
6%
pote 8 Santa cruz Rio grande do sul
5%
Nenhum quiz correspondente encontrado
Distribuição das Pontuações
Porcentagem de Pessoas com Cada Pontuação
Percentil de Números Respondidos
Sua Pontuação Histórica
Você não jogou esse quiz